Detalles MARC
| 000 -LÍDER |
| Campo fijo de descripción fija |
01611nam a2200373 i 4500 |
| 001 - NÚMERO DE CONTROL |
| Campo de control |
768714001 |
| 003 - IDENTIFICADOR DEL NÚMERO DE CONTROL |
| Campo de control |
CO-MdFUSB |
| 005 - FECHA Y HORA DE LA ULTIMA TRANSACCIÓN |
| control field |
20190917143016.0 |
| 008 - ELEMENTOS DE LONGITUD FIJA -- INFORMACIÓN GENERAL |
| Campo fijo de descripción fija -- Información general |
190906t2004 spad|||| |||| 00| 0 spa d |
| 020 ## - NÚMERO INTERNACIONAL NORMALIZADO PARA LIBROS |
| Número Internacional Normalizado del libro |
8433962132 |
| 040 ## - FUENTE DE CATALOGACIÓN |
| Agencia de catalogación original |
CO-MdFUSB |
| Idioma de catalogación |
spa |
| Agencia que realiza la transcripción |
CO-MdFUSB |
| Agencia que realiza la modificación |
CO-MdFUSBC |
| Convenciones de la descripción |
rda |
| 041 ## - CÓDIGO DE IDIOMA |
| Código de idioma para texto/pista de sonido o título separado |
spa |
| Código de idioma original |
fre |
| 082 ## - NÚMERO DE CLASIFICACIÓN DECIMAL DEWEY |
| Número de la edición del Dewey |
23 |
| Número de clasificación |
339.47 |
| Clave de autor-Numero de item |
L764 |
| 100 ## - ASIENTO PRINCIPAL--NOMBRE PERSONAL |
| Nombre personal |
Lipovetsky, Guilles. |
| Término relacionador |
autor |
| 240 ## - TITULO UNIFORME |
| Título uniforme |
<a href="Le luxe éternel.">Le luxe éternel.</a> |
| 245 13 - TÍTULO |
| Título del Material |
El lujo eterno : |
| Parte restante del título - Subtitulo |
de la era de lo sagrado al tiempo de las marcas. |
| Mención de responsabilidad, etc. |
/ Guilles Lipovetsky ; Elyette Roux ; traducido por Rosa Alapont. |
| 264 #1 - PRODUCCIÓN, PUBLICACIÓN, DISTRIBUCIÓN, MANUFACTURA, Y COPYRIGHT |
| Lugar de producción, publicación, distribución, manufactura |
Barcelona, España : |
| Nombre del productor, publicador, distribuidor |
Anagrama, |
| Fecha de producción, publicación, distribución, manufactura, o copyright |
[2004] |
| 264 #4 - PRODUCCIÓN, PUBLICACIÓN, DISTRIBUCIÓN, MANUFACTURA, Y COPYRIGHT |
| Fecha de producción, publicación, distribución, manufactura, o copyright |
© 2004 |
| 300 ## - DESCRIPCIÓN FÍSICA |
| Extensión |
205 páginas |
| Dimensiones |
; 22 cm. |
| 336 ## - TIPO DE CONTENIDO |
| Fuente |
rdacontent |
| Término de tipo de contenido |
texto |
| Código de tipo de contenido |
txt |
| 337 ## - TIPO DE MEDIO |
| Fuente |
rdamedia |
| Nombre del tipo de medio |
sin mediación |
| Código del tipo de medio |
n |
| 338 ## - TIPO DE SOPORTE |
| Fuente |
rdacarrier |
| Nombre del tipo de soporte |
volumen |
| Código Tipo de soporte |
nc |
| 490 ## - MENCIÓN DE SERIE |
| Mención de serie |
Argumentos |
| 505 ## - NOTA DE CONTENIDO |
| Nota de contenido con formato preestablecido |
Lujo eterno, lujo emocional. / Gilles Lipovetsky. -- Lo sagrado, el Estado y el lujo. -- Lujos modernos, lujos posmodernos. -- La feminización del lujo. -- El lujo y el sexto sentido. -- Tiempo de lujo, tiempo de marcas. / Elyette Roux. -- El lujo entre prestigio y mercado de masas. -- Deslizamientos progresivos de las significaciones del lujo. -- Marca de lujo: legitimidad e identidad. -- Lujo y tiempo de marcas. |
| 563 ## - NOTA DE ENCUADERNACIÓN |
| Nota de encuadernación |
Rústico |
| 650 #0 - ASIENTO SECUNDARIO DE MATERIA - TERMINO TEMÁTICO |
| 9 (RLIN) |
5 |
| Término temático o nombre geográfico como elemento de entrada |
Sociología de la cultura |
| 650 #7 - ASIENTO SECUNDARIO DE MATERIA - TERMINO TEMÁTICO |
| 9 (RLIN) |
2452 |
| Término temático o nombre geográfico como elemento de entrada |
Consumismo |
| Fuente del encabezamiento o término |
embne |
| 650 #7 - ASIENTO SECUNDARIO DE MATERIA - TERMINO TEMÁTICO |
| 9 (RLIN) |
2451 |
| Término temático o nombre geográfico como elemento de entrada |
Capitalismo |
| Fuente del encabezamiento o término |
embne |
| 653 ## - TÉRMINO DE INDIZACIÓN - NO CONTROLADO |
| Término no controlado |
Marcas de fábrica -- Aspectos sociales. |
| 700 ## - ASIENTO SECUNDARIO - NOMBRE PERSONAL |
| 9 (RLIN) |
2370 |
| Nombre personal |
Roux, Elyette. |
| Responsabilidad |
autor |
| 700 ## - ASIENTO SECUNDARIO - NOMBRE PERSONAL |
| 9 (RLIN) |
2371 |
| Nombre personal |
Alapont, Rosa. |
| Responsabilidad |
traductor |
| 942 ## - TIPO DE MATERIAL (KOHA) |
| Tipo de Item KOHA |
Libros General |
| 945 ## - INFORMACIÓN LOCAL DEL REGISTRO |
| Catalogador |
JTF-925 |